000
00314nam a22001457a 4500
008
230123b ||||| |||| 00| 0 eng d
020
_a
9780578160719
041
_a
eng
080
_a
61
082
_a
61BYY
100
_a
4
101
_a
MJKS
245
_a
MEDICAL PROFESSIONALISM
_c
BYYNY L R
942
_2
udc
_c
BK
999
_c
59243
_d
59243